000 00999nam a2200265 4500
001 145343
003 ES-MaACL
005 20260210163247.0
007 t|
008 070214s1959 sp r ||||1| spa d
080 _a631.548
100 1 _aSparrow, A. H.
_9107648
245 1 4 _aLas radiaciones ionizantes en la mejora de plantas /
_cA. H. Sparrow, C. F. Konzak ; versión española de C. Gómez Campo.
260 _aMadrid :
_b[s. n.],
_c1959 (
_fTip. Artística)
300 _a35 p., 1 lám. :
_bil. ;
_c24 cm.
500 _aPrecede al tít.: Instituto Nacional de Investigaciones Agronómicas.
650 _aPlantas-
_xMejora genética.
_916115
650 7 _aRadiación ionizante
_2embne
_9145962
700 1 _aKonzak, C. F.
_968571
700 1 _aGómez Campo, César.
_957853
710 _aInstituto Nacional de Investigaciones Agronómicas
_c(España)
_9219222
852 _aES-MaACL
_j2018-F-6
_bR.45525
852 _aES-MaACL
_j2020-F-1
_bR.46189
999 _c145343
_d145343